[Event "VIE-chT"]
[Site "Hanoi"]
[Date "2023.04.21"]
[Round "6"]
[White "Nguyen, Thanh Liem"]
[Black "Tran, Tri Duc"]
[Result "1-0"]
[WhiteElo "1950"]
[BlackElo "1981"]
[PlyCount "45"]
[EventDate "2023.04.18"]
[EventType "swiss"]
[EventRounds "9"]
[EventCountry "VIE"]
[SourceTitle "EXT 2024"]
[Source "ChessBase"]
[SourceDate "2023.10.10"]
[SourceVersion "1"]
[SourceVersionDate "2023.10.10"]
[SourceQuality "1"]

1. e4 c5 2. Nf3 e6 3. Nc3 a6 4. d4 cxd4 5. Nxd4 b5 6. Bd3 Bb7 7. 0-0 Qc7 8. Re1 d6 9. Bg5 Be7 10. Qh5 g6 11. Qh4 h6 12. Bxe7 Qxe7 13. Qg3 Nf6 14. Rad1 0-0 15. Nf5 exf5 16. exf5 Qd7 17. fxg6 fxg6 18. Bxg6 Qg7 19. Rxd6 Nbd7 20. Rde6 Kh8 21. Re7 Qg8 22. h4 h5 23. Qg5 1-0

[Event "VIE-chT"]
[Site "Hanoi"]
[Date "2023.04.18"]
[Round "2"]
[White "Nguyen, Thanh Liem"]
[Black "Nguyen, Minh1111"]
[Result "1-0"]
[WhiteElo "1950"]
[BlackElo "1402"]
[PlyCount "163"]
[EventDate "2023.04.18"]
[EventType "swiss"]
[EventRounds "9"]
[EventCountry "VIE"]
[SourceTitle "EXT 2024"]
[Source "ChessBase"]
[SourceDate "2023.10.10"]
[SourceVersion "1"]
[SourceVersionDate "2023.10.10"]
[SourceQuality "1"]

1. e4 e6 2. d4 d5 3. exd5 exd5 4. c4 c6 5. Nc3 Nf6 6. h3 Be7 7. Nf3 0-0 8. Bd3 dxc4 9. Bxc4 Bf5 10. 0-0 Nbd7 11. Bb3 h6 12. Re1 Re8 13. Ne5 Nxe5 14. dxe5 Qxd1 15. Rxd1 Ne4 16. e6 f6 17. Nxe4 Bxe4 18. Rd7 c5 19. Be3 Rac8 20. Rad1 a6 21. Bd5 Bxd5 22. R1xd5 b6 23. Rb7 Rc6 24. Rdd7 Rxe6 25. g4 Bf8 26. a4 R8e7 27. Rxe7 Bxe7 28. b3 Kf8 29. Kf1 Ke8 30. Ra7 b5 31. axb5 axb5 32. Rb7 b4 33. Ke2 Re5 34. Kd3 h5 35. Kc4 hxg4 36. hxg4 Re4+ 37. Kd5 Rxg4 38. f3 Rg3 39. Ke6 Rxf3 40. Rxe7+ Kf8 41. Bxc5 Rxb3 42. Kf5 Kg8 43. Bd6 Kh7 44. Re4 Rf3+ 45. Ke6 b3 46. Kf7 Kh6 47. Bf8 b2 48. Rb4 Rf2 49. Bxg7+ Kg5 50. Rb5+ f5 51. Bxb2 Kg4 52. Ke6 f4 53. Ke5 Re2+ 54. Kd4 f3 55. Kd3 Re6 56. Bd4 Rd6 57. Ke3 f2 58. Rb1 Kh3 59. Kf3 Kh4 60. Bxf2+ Kg5 61. Be3+ Kg6 62. Kg4 Rc6 63. Bf4 Ra6 64. Rh1 Ra4 65. Rh6+ Kg7 66. Rc6 Ra5 67. Be3 Kf7 68. Bc5 Ke8 69. Rc7 Kd8 70. Bd6 Rd5 71. Bf4 Rd7 72. Rc6 Ke7 73. Kf5 Rd1 74. Rc7+ Rd7 75. Rc8 Kf7 76. Be5 Rd2 77. Rc7+ Ke8 78. Ke6 Rd1 79. Rb7 Rd2 80. Rh7 Rf2 81. Re7+ Kd8 82. Rb7 1-0

[Event "VIE Cup"]
[Site "Hanoi"]
[Date "2021.??.??"]
[Round "2"]
[White "Nguyen, Thanh Liem"]
[Black "Bui, Tran Minh Khang"]
[Result "1-0"]
[WhiteElo "2431"]
[BlackElo "1331"]
[PlyCount "65"]
[EventDate "2021.05.03"]
[EventType "swiss"]
[EventRounds "9"]
[EventCountry "VIE"]
[SourceTitle "EXT 2022"]
[Source "ChessBase"]
[SourceDate "2021.10.06"]
[SourceVersion "1"]
[SourceVersionDate "2021.10.06"]
[SourceQuality "1"]

1. e4 c5 2. c3 g6 3. d4 cxd4 4. cxd4 d5 5. exd5 Nf6 6. Bb5+ Nbd7 7. Nc3 Bg7 8. d6 exd6 9. Bf4 d5 10. Bd6 Ne4 11. Qe2 f5 12. f3 Bxd4 13. fxe4 Bxc3+ 14. bxc3 fxe4 15. Qg4 Qf6 16. Qg3 a6 17. Bxd7+ Bxd7 18. Be5 Qf8 19. Bxh8 Qxh8 20. Ne2 Bb5 21. Nd4 Bd3 22. Kd2 Rc8 23. Rhe1 Kd7 24. Qg4+ Kc7 25. Qf4+ Kb6 26. Rab1+ Ka7 27. Qf7 Bb5 28. Qxd5 Qf6 29. Nxb5+ Ka8 30. Nd4 Qf2+ 31. Re2 Qf4+ 32. Re3 Qc7 33. Qxe4 1-0

[Event "VIE-ch U11"]
[Site "Hai Phong"]
[Date "2018.07.09"]
[Round "4"]
[White "Tran, Van Anh Kiet"]
[Black "Nguyen, Thanh Liem"]
[Result "0-1"]
[WhiteElo "1892"]
[BlackElo "1874"]
[PlyCount "68"]
[EventDate "2018.07.07"]
[EventType "swiss"]
[EventRounds "9"]
[EventCountry "VIE"]
[SourceTitle "EXT 2019"]
[Source "ChessBase"]
[SourceDate "2018.10.10"]
[SourceVersion "1"]
[SourceVersionDate "2018.10.10"]
[SourceQuality "1"]

1. d4 d5 2. c4 e6 3. Nc3 Nf6 4. Bg5 Nbd7 5. cxd5 exd5 6. Nxd5 Nxd5 7. Bxd8 Bb4+ 8. Qd2 Bxd2+ 9. Kxd2 Kxd8 10. e4 N5b6 11. Rd1 Ke7 12. g3 Nf6 13. Bg2 Rd8 14. Kc1 Be6 15. d5 Bg4 16. f3 Bh5 17. h4 h6 18. g4 Bg6 19. Ne2 c5 20. dxc6 bxc6 21. Nd4 Rac8 22. Bh3 c5 23. Nb5 a6 24. Rxd8 Rxd8 25. Na7 Rd3 26. Bg2 Kd6 27. Kc2 Rd4 28. Bf1 Nxe4 29. Kc1 Ng3 30. Rg1 Nxf1 31. Rxf1 Kc7 32. Re1 Kb7 33. Re7+ Rd7 34. Re5 Kxa7 0-1

[Event "VIE-ch U11"]
[Site "Hai Phong"]
[Date "2018.07.07"]
[Round "2"]
[White "Do, Hoang Chung Thong"]
[Black "Nguyen, Thanh Liem"]
[Result "0-1"]
[WhiteElo "1886"]
[BlackElo "1874"]
[PlyCount "62"]
[EventDate "2018.07.07"]
[EventType "swiss"]
[EventRounds "9"]
[EventCountry "VIE"]
[SourceTitle "EXT 2019"]
[Source "ChessBase"]
[SourceDate "2018.10.10"]
[SourceVersion "1"]
[SourceVersionDate "2018.10.10"]
[SourceQuality "1"]

1. e4 e6 2. d4 d5 3. Nd2 c5 4. Ngf3 Nc6 5. c3 Bd7 6. Bd3 Be7 7. e5 cxd4 8. cxd4 Qb6 9. Nb3 Bb4+ 10. Bd2 Nge7 11. Rc1 0-0 12. 0-0 a5 13. Bxb4 Nxb4 14. Bb1 Ba4 15. Re1 Rac8 16. Rxc8 Rxc8 17. a3 Na6 18. Nfd2 Nc6 19. Qc2 g6 20. Qd3 Bxb3 21. Nxb3 a4 22. Nd2 Nxd4 23. h3 Qxb2 24. Nf1 Nc5 25. Qe3 Ncb3 26. Rd1 Rc3 27. Qg5 Qxa3 28. Nd2 Nxd2 29. Rxd2 Rc1+ 30. Kh2 Nf3+ 31. gxf3 Rxb1 0-1